000
00276nam a22001217a 4500
008
170203b xxu||||| |||| 00| 0 alb d
041
_a
ALB
080
_2
2ND
_a
61
100
_a
3
101
_a
SHM
245
_a
TRAKTATI I SEMUNDJEVE TE BRENDSHME
_c
ADHAMI, J.E
942
_2
udc
_c
BK
999
_c
4512
_d
4512